| 000 | 02456cam a22004694i 4500 | ||
|---|---|---|---|
| 003 | PE-LiUPU | ||
| 005 | 20250731173327.0 | ||
| 008 | 150625s r 000 0 d | ||
| 020 | _a8477260362 | ||
| 020 | _a8427117094 | ||
| 035 | _a(Sirsi) i9788477260363 | ||
| 040 |
_aPE-LiUPU _bspa _cPE-LiUPU _erda |
||
| 049 | _aPRUA | ||
| 082 | 0 | 4 |
_a220.63 _bA42 _221 |
| 100 | 1 |
_aAlonso Schökel, Luis, _eautor. |
|
| 245 | 1 | 0 |
_aHermenéutica de la palabra : _binterpretación teológica de textos bíblicos. _n3 / _cLuis Alonso Schökel. |
| 250 | _aes | ||
| 264 | 1 |
_aBilbao : _bEga - Mensajero, _c[200.]. |
|
| 300 |
_a368 páginas ; _c21 cm. |
||
| 336 |
_atext _2rdacontent |
||
| 337 |
_aunmediated _2rdamedia |
||
| 338 |
_avolume _2rdacarrier |
||
| 505 | 0 | _aExégesis. -Motivos sapienciales y de alianza en Gn 2-3. -Jeremías como anti-Moisés. -"Tu eres la esperanza de Jesús". -"Somos iguales que nuestros hermanos": para una exégesis de Neh 5, 1-13. Tecnología, ecología, contemplación. -Jerusalén inocente intercede Baruc 4, 9-19. -Visión del hombre en Sir 17, 1-14. -Las sandalias del Mesías esposo (Jn 1, 27). -"Lo engendra el Espíritu fecundando el agua" (Jn 3,5). -Heb 4, 12-13: componentes y estructura. -Teología bíblica. -Teología bíblica del Antiguo Testamento. -Teología bíblica: Antiguo Testamento. -Lo horizontal y lo vertical: planteamientos en el Antiguo Testamento. -La Redención, obra de solidaridad. -¿Temer o respetar a Dios?. -Generosidad: Mt 6, 22-23. -"Contempladlo y quedaréis radiantes": Sal 34:6. -La tierra se le ha dado a los hombres. -El "principio y fundamente" de San Ignacio a la luz de la Biblia. -Obediencia en el Antiguo Testamento. | |
| 526 | _aSEG42 | ||
| 526 | _aSEG41 | ||
| 526 | _aSEG40 | ||
| 526 | _aSEG39 | ||
| 526 | _aP94 | ||
| 526 | _aP87 | ||
| 526 | _aP86 | ||
| 526 | _aP85 | ||
| 526 | _aP77 | ||
| 526 | _aP76 | ||
| 526 | _aP35 | ||
| 541 | _g001-001317; | ||
| 650 | 0 | 4 | _aHermenéutica bíblica. |
| 942 |
_2ddc _cBOOK |
||
| 949 |
_a220.63 A42 3 _wDEWEY _c1 _i58681 _lCCODEBUL1 _mBUL _r0 _sY _tBOOK _u2015-6-25 _xTEOLOGIA _zUNKNOWN _0COMPRA _o.STAFF. Colección General |
||
| 994 |
_aC0 _bPEPRU |
||
| 596 | _a1 | ||
| 999 |
_a220.63 A42 3 _wDEWEY _c47561 _i58681 _d47561 _f2021-11-9 _g5 _lCCODEBUL1 _mBUL _q2 _r0 _sY _tBOOK _u2015-6-25 _xTEOLOGIA _zUNKNOWN _0COMPRA _o.STAFF. Colección General |
||
| 980 |
_81 _gALBERTO SANCHEZ Responsable de Automatización |
||